Marques de luxe de A à Z - Statistiques

Statistiques générales
  • Ce quiz a été pris 2 261 fois
  • Le résultat moyen est 8 sur 21
Statistiques - réponses
Lettre Question Réponse % Correct
D Trouvez la suite de ce slogan: J’adore… Dior
94%
G Enseigne de luxe souvent identifiée par son logo constitué de deux lettres G ? Gucci
84%
H Connue pour ses sacs Birkin et Kelly Hermès
82%
C Sa fondatrice a collaboré avec les Nazis durant la 2nde guerre mondiale Chanel
81%
L Marque de chaussures qui se distingue par des semelles rouges Louboutin
76%
R Quelle marque est célèbre pour ses polos et son logo joueur de polo ? Ralph Lauren
69%
B Quelle marque anglaise est célèbre pour ses carreaux et ses trench-coats ? Burberry
68%
S Marque rebaptisé en 2012, mais son abbreviation “YSL” reste inchangé sur certains produits Saint Laurent
63%
F Kate Moss et sa fille sont les égéries de leur sac Peekaboo Fendi
45%
V Sa robe verte confectionner pour Jennifer Lopez a suscité la création de Google Image Versace
39%
P Fournisseur officiel de la famille royale italienne en 1919 Prada
33%
T Célèbre enseigne de bijoux haut de gamme qui se distingue par son emballage bleu Tiffany & Co
29%
O Marque associée à des montres portées par James Bond ? Omega
26%
I Quelle créatrice française est à la tête de cette marque éponyme, célèbre pour ses baskets compensées? Isabel Marant
17%
N Son logo représente un drapeau norvégien, symbolise l'esprit d'aventure et d'exploration. Napapijri
13%
A Enseigne à confectionner la robe de mariée de Kate Middleton? Alexander Mcqueen
11%
E Célèbre marque libanaise connue pour ses robes de soirée et de mariée Elie Saab
9%
M Quel créateur de mode américain a été le juge principal de l'émission de téléréalité 'Project Runway’’? Michael Kors
3%
J Marque réputée pour ses bottines et ses mocassins de qualité supérieure J.M Weston
2%
K Maison de mode créer en 1993 à New York par une créatrice renommée et son mari Kate Spade
2%
Z Cette marque associe des éléments de dentelle délicate à des motifs floraux dans ses créations de mode Zimmermann
2%
Aucun quiz correspondant
Distribution des résultats
% des personnes avec chaque résultat
Percentile par nombre de réponses
Votre historique - résultats
Vous n’avez pas pris ce quiz